| 000 | 00373nam a2200145Ia 4500 | ||
|---|---|---|---|
| 008 | 240624s9999 xx 000 0 und d | ||
| 041 | _aeng | ||
| 082 | _a158.2 ERB | ||
| 100 | _aERBER RALPH | ||
| 245 | _aINTIMATE RELATIONSHIPS ISSUES THEORIES A | ||
| 250 | _a(2nd ed.) | ||
| 260 |
_c2011 _aBoston _bAllyn & Bacon |
||
| 300 | _axxi, : 326 : p. : cm. ; 23 | ||
| 365 |
_c _b25 |
||
| 999 |
_c19621 _d19621 |
||